Lengua y literatura : (Registro nro. 8198)

Detalles MARC
000 -LEADER
fixed length control field 02371nam a2200433 a 4500
001 - CONTROL NUMBER
control field 000013599
003 - CONTROL NUMBER IDENTIFIER
control field DO-SdBNP
005 - DATE AND TIME OF LATEST TRANSACTION
control field 20150813115113.0
007 - PHYSICAL DESCRIPTION FIXED FIELD--GENERAL INFORMATION
fixed length control field 000013599
008 - FIXED-LENGTH DATA ELEMENTS--GENERAL INFORMATION
fixed length control field 150130s2011 dr ac 000 0 spa d
020 ## - INTERNATIONAL STANDARD BOOK NUMBER
International Standard Book Number 9789945173673 (v. 1)
020 ## - INTERNATIONAL STANDARD BOOK NUMBER
International Standard Book Number 9789945173680 (v. 2)
040 ## - CATALOGING SOURCE
Original cataloging agency BPMSU
Language of cataloging spa
Transcribing agency BPMSU
092 ## - LOCALLY ASSIGNED DEWEY CALL NUMBER (OCLC)
Classification number xxxx
Item number xxxx
245 00 - TITLE STATEMENT
Title Lengua y literatura :
Remainder of title educación media /
Statement of responsibility, etc. Manuel García Cartagena...[et al.] ; dirección editorial Cristina amiama Espaillat ; ilustraciones Rebeca Jiménez.
260 ## - PUBLICATION, DISTRIBUTION, ETC. (IMPRINT)
Place of publication, distribution, etc. Santo Domingo :
Name of publisher, distributor, etc. SM,
Date of publication, distribution, etc. 2011.
300 ## - PHYSICAL DESCRIPTION
Extent 4 v. :
Other physical details il., retrs. ;
Dimensions 29 cm.
490 1# - SERIES STATEMENT
Series statement Educación en valores
500 ## - GENERAL NOTE
General note Educación media
500 ## - GENERAL NOTE
General note La biblioteca solamente posee los volumenes 1 y 2.
505 1# - FORMATTED CONTENTS NOTE
Formatted contents note v. 1 :
Miscellaneous information unidad 1 --
Title Articulos de opinión --
Miscellaneous information unidad 2 --
Title Textos narrativos --
Miscellaneous information unidad 3 --
Title Textos poéticos --
Miscellaneous information unidad 4 --
Title Textos descriptivos --
Miscellaneous information unidad 5 --
Title Textos expositivo-narrativos --
Miscellaneous information unidad 6 --
Title La entrevista --
Miscellaneous information unidad 7 --
Title Textos informativos --
Miscellaneous information unidad 8 --
Title Textos explicativos --
Miscellaneous information unidad 9 --
Title Textos argumentativos --
Miscellaneous information unidad 10 --
Title Textos dramáticos --
Miscellaneous information unidad 11 --
Title Textos publicitarios --
Miscellaneous information unidad 12 --
Title Actas de reunión --
505 1# - FORMATTED CONTENTS NOTE
Formatted contents note v. 2 :
Miscellaneous information unidad 1 --
Title Textos expositivos --
Miscellaneous information unidad 2 --
Title Textos expositivos-descriptivos --
Miscellaneous information unidad 3 --
Title Informes --
Miscellaneous information unidad 4 --
Title Reseñas --
Miscellaneous information unidad 5 --
Title Cartas formales --
Miscellaneous information unidad 6 --
Title Textos argumentativos --
Miscellaneous information unidad 7 --
Title Ensayos argumentativos --
Miscellaneous information unidad 8 --
Title Discursos argumentativos --
Miscellaneous information unidad 9 --
Title La argumentación en los medios --
Miscellaneous information unidad 10 --
Title Exposiciones argumentativas --
Miscellaneous information unidad 11 --
Title Textos instructivos --
Miscellaneous information unidad 12 --
Title Textos expositivos --
700 1# - ADDED ENTRY--PERSONAL NAME
Personal name García Cartagena, Manuel
700 1# - ADDED ENTRY--PERSONAL NAME
Personal name Álvaro, Salvador
700 1# - ADDED ENTRY--PERSONAL NAME
Personal name Paredes, Florentino
700 1# - ADDED ENTRY--PERSONAL NAME
Personal name Sanz, Marta
700 1# - ADDED ENTRY--PERSONAL NAME
Personal name Bazarra, Lourdes
700 1# - ADDED ENTRY--PERSONAL NAME
Personal name Casanova, Olga
700 1# - ADDED ENTRY--PERSONAL NAME
Personal name Amiama Espaillat, Cristina
Relator term dir. ed.
700 1# - ADDED ENTRY--PERSONAL NAME
Personal name Jiménez, Rebeca
Relator term il.
830 #0 - SERIES ADDED ENTRY--UNIFORM TITLE
Uniform title Educación en valores
930 #1 - EQUIVALENCE OR CROSS-REFERENCE-UNIFORM TITLE HEADING [LOCAL, CANADA]
Language of a work BND01
Medium of performance for music LF1
Field link and sequence number 20091126
Date of a work 04
Name of part/section of a work HD
Miscellaneous information 8502
Medium e. 3
930 #1 - EQUIVALENCE OR CROSS-REFERENCE-UNIFORM TITLE HEADING [LOCAL, CANADA]
Language of a work BND01
Medium of performance for music LF1
Field link and sequence number 20091126
Date of a work 01
Name of part/section of a work HD
Miscellaneous information 8501
930 #1 - EQUIVALENCE OR CROSS-REFERENCE-UNIFORM TITLE HEADING [LOCAL, CANADA]
Language of a work BND01
Medium of performance for music LF1
Field link and sequence number 20091126
Date of a work 01
Name of part/section of a work HD
Miscellaneous information 8501
Medium e. 2
942 ## - ADDED ENTRY ELEMENTS (KOHA)
Source of classification or shelving scheme Dewey Decimal Classification
Koha item type Libros
956 ## - LOCAL ELECTRONIC LOCATION AND ACCESS (OCLC)
Host name DGARCIA
Access number 10
Compression information 20150806
Logon BND01
Processor of request 0938
956 ## - LOCAL ELECTRONIC LOCATION AND ACCESS (OCLC)
Host name YLOCKWARD
Access number 10
Compression information 20150806
Logon BND01
Processor of request 1354
956 ## - LOCAL ELECTRONIC LOCATION AND ACCESS (OCLC)
Host name VMATEO
Access number 10
Compression information 20150813
Logon BPMSU
Processor of request 00151
Existencias
Withdrawn status Lost status Source of classification or shelving scheme Damaged status Not for loan Collection code Home library Current library Date acquired Total Checkouts Barcode Date last seen Copy number Price effective from Koha item type
    Dewey Decimal Classification       Biblioteca Pública Metropolitana Salomé Ureña Biblioteca Pública Metropolitana Salomé Ureña 08/13/2015   BPMET15080386 08/13/2015 v. 1 08/13/2015 Libros
    Dewey Decimal Classification       Biblioteca Pública Metropolitana Salomé Ureña Biblioteca Pública Metropolitana Salomé Ureña 08/13/2015   BPMET15080387 08/13/2015 v. 2 08/13/2015 Libros